[Event "Elit(Orgryte-Rockaden,Sthlm)"]
[Site "?"]
[Date "2012.10.06"]
[Round "2"]
[White "Arnelind, Mikael"]
[Black "Hedman, Erik"]
[Result "0-1"]
[WhiteElo "2243"]
[BlackElo "2417"]
[PlyCount "78"]

1. e4 c5 2. c3 d6 3. d4 Nf6 4. Bd3 g6 5. Nf3 Bg7 6. O-O O-O 7. h3 Nc6 8. Be3
Nd7 9. Qd2 a6 10. a4 cxd4 11. cxd4 e5 12. d5 Nd4 13. Nxd4 exd4 14. Bg5 f6 15.
Bf4 Nc5 16. Ra3 f5 17. Bg5 Qe8 18. exf5 Bxf5 19. Bxf5 Rxf5 20. Bh4 Qe4 21. Bg3
Qxd5 22. b4 Ne4 23. Qd3 Raf8 24. Nd2 Nxg3 25. fxg3 Rxf1+ 26. Nxf1 Qf7 27. Nd2
Re8 28. Qf3 Re1+ 29. Kh2 Qxf3 30. Rxf3 Ra1 31. a5 Be5 32. Nc4 Rb1 33. Nb6 Rxb4
34. Nd5 Rb5 35. Nc7 Rxa5 36. Ne6 Bg7 37. h4 Rd5 38. Rb3 Rb5 39. Rf3 a5 0-1

[Event "Elit(Orgryte-Rockaden,Sthlm)"]
[Site "?"]
[Date "2012.10.06"]
[Round "2"]
[White "Lokander, Martin"]
[Black "Fransson, Percy"]
[Result "1-0"]
[WhiteElo "2306"]
[BlackElo "2218"]
[PlyCount "115"]

1. d4 Nf6 2. c4 g6 3. Nc3 Bg7 4. Nf3 O-O 5. Bg5 d6 6. e3 h6 7. Bh4 c5 8. d5 Qa5
9. Nd2 a6 10. a4 Nbd7 11. Be2 Rb8 12. O-O Qc7 13. Qc2 Ne5 14. h3 g5 15. Bg3 g4
16. f4 gxf3 17. Nxf3 Ne8 18. Nh4 Bd7 19. Ra3 Bf6 20. Nf5 Bxf5 21. Qxf5 Ng7 22.
Qc2 Bg5 23. Bf4 f5 24. g3 Qd7 25. Kh2 Rbe8 26. Raa1 Ng6 27. Rad1 Nxf4 28. exf4
Bf6 29. Bf3 Kh8 30. g4 Rg8 31. Ne2 Ref8 32. Rg1 b5 33. axb5 axb5 34. h4 Bxh4
35. g5 Ne8 36. Qc3+ Kh7 37. Bh5 Ng7 38. Bf7 hxg5 39. Bxg8+ Kxg8 40. Qh3 Kf7 41.
fxg5 Rh8 42. Kg2 e5 43. dxe6+ Qxe6 44. Qf3 Bxg5 45. cxb5 Rh4 46. Ng3 Be3 47.
Rh1 Rg4 48. Rh3 f4 49. Kh1 Rg6 50. Nh5 Nf5 51. Nxf4 Bxf4 52. Qxf4 Kg7 53. Rg1
Rxg1+ 54. Kxg1 Qe1+ 55. Qf1 Qe5 56. Qf2 d5 57. Rh5 Kg6 58. Qxf5+ 1-0

[Event "Elit(Orgryte-Rockaden,Sthlm)"]
[Site "?"]
[Date "2012.10.06"]
[Round "2"]
[White "Fransson, Patrick"]
[Black "Engqvist, Thomas"]
[Result "0-1"]
[WhiteElo "2211"]
[BlackElo "2419"]
[PlyCount "106"]

1. d4 d5 2. Bg5 h6 3. Bf4 Nf6 4. e3 c5 5. c3 Nc6 6. Bd3 Qb6 7. Qc1 Bd7 8. Nf3
Rc8 9. Nbd2 Nh5 10. dxc5 Qxc5 11. Nb3 Qb6 12. Qd2 e6 13. e4 d4 14. O-O dxc3 15.
bxc3 Nxf4 16. Qxf4 Ba3 17. Rab1 Qc7 18. e5 O-O 19. Qe4 g6 20. Nbd4 Nxd4 21.
cxd4 Bc6 22. Qh4 Kh7 23. Ng5+ Kg7 24. Nh3 Qd8 25. Qg4 h5 26. Qg3 Be7 27. Nf4
Bg5 28. Nxh5+ Kh6 29. Nf4 Qxd4 30. Qh3+ Kg7 31. Bxg6 Rh8 32. Nxe6+ fxe6 33.
Qxe6 Qd5 34. Qxd5 Bxd5 35. Bf5 Rcf8 36. Rfd1 Rd8 37. g3 Bf3 38. Rd7+ Rxd7 39.
Bxd7 Bd8 40. Rb3 Rf8 41. e6 Rf6 42. h4 Kf8 43. g4 Ke7 44. g5 Rf4 45. Kh2 Bd5
46. Rb2 Rxh4+ 47. Kg3 Rd4 48. Bc8 Bc7+ 49. Kh3 b6 50. g6 Kf6 51. Re2 Kg5 52.
f4+ Rxf4 53. Kg3 Rf8+ 0-1

[Event "Elit(Team Viking-Manhem)"]
[Site "?"]
[Date "2012.10.06"]
[Round "2"]
[White "Welin, Mats"]
[Black "Berg, Emanuel"]
[Result "0-1"]
[WhiteElo "2351"]
[BlackElo "2600"]
[PlyCount "98"]

1. e4 e6 2. d4 d5 3. Nc3 Bb4 4. e5 Qd7 5. Bd2 b6 6. Bb5 c6 7. Ba4 a5 8. a3 Bxc3
9. Bxc3 Ba6 10. Qg4 f5 11. Qh5+ Qf7 12. Qf3 Ne7 13. Bd2 O-O 14. h4 c5 15. Nh3
Nec6 16. dxc5 b5 17. Ng5 Qe8 18. Bb3 Nd4 19. Qf4 Nbc6 20. Be3 Nxb3 21. cxb3 b4
22. Bd4 bxa3 23. bxa3 Rb8 24. Rb1 Bd3 25. Rb2 Be4 26. Nxe4 fxe4 27. Qd2 Qg6 28.
Rh2 Qg4 29. Qe3 Rf3 30. gxf3 exf3 31. Kd2 Nxd4 32. Rh1 Nf5 33. Qd3 Qg2 34. Qf1
Qg4 35. Qd3 Qg2 36. Qf1 Nxh4 37. Rb1 Qg5+ 38. Kc2 Ng6 39. Qh3 Nf8 40. Qh5 Qe7
41. b4 Qa7 42. Qxf3 axb4 43. axb4 Ng6 44. Ra1 Qd7 45. Rhe1 Rf8 46. Qe2 Rf4 47.
Ra8+ Nf8 48. Kb3 Qb7 49. Qd2 Rf3+ 0-1

[Event "Elit(Team Viking-Manhem)"]
[Site "?"]
[Date "2012.10.06"]
[Round "2"]
[White "Agrest, Evgenij"]
[Black "Moberg, Karl Johan"]
[Result "1-0"]
[WhiteElo "2724"]
[BlackElo "2347"]
[PlyCount "131"]

1. Nf3 Nf6 2. c4 g6 3. Nc3 d5 4. cxd5 Nxd5 5. g3 Bg7 6. Bg2 Nb6 7. d3 Nc6 8.
Be3 e5 9. h4 h5 10. Qc1 Nd4 11. Bg5 f6 12. Bd2 c6 13. Ne4 Nxf3+ 14. Bxf3 Nd5
15. Qc5 Bf8 16. Qc2 Be6 17. a3 a5 18. Rc1 Kf7 19. O-O Qb6 20. e3 Be7 21. Rfe1
Rhd8 22. d4 exd4 23. exd4 Bf5 24. Rcd1 a4 25. Qc1 Re8 26. Nc3 Qb3 27. Bg2 Rad8
28. Nxd5 cxd5 29. Re3 Qc2 30. Ba5 Qxc1 31. Rxc1 Rd7 32. Bf1 Ra8 33. Bb6 Bd8 34.
Bxd8 Rdxd8 35. Rc7+ Rd7 36. Rc5 b6 37. Rc6 Rb8 38. Bb5 Ra7 39. Rd6 Rc7 40. Bc6
Be4 41. Bxd5+ Bxd5 42. Rxd5 b5 43. Rd6 Re7 44. Rc3 Re1+ 45. Kg2 Ke7 46. Ra6 Rd8
47. Rc5 Rxd4 48. Rxb5 Re2 49. Rb7+ Rd7 50. Rxd7+ Kxd7 51. Rxf6 Rxb2 52. Rxg6
Rb3 53. Rh6 Rxa3 54. Rxh5 Rb3 55. Ra5 a3 56. Ra6 Ke7 57. h5 Kf7 58. g4 Kg7 59.
f3 Rb2+ 60. Kg3 a2 61. g5 Rc2 62. Ra7+ Kg8 63. Kg4 Rc4+ 64. f4 Rc2 65. h6 Rb2
66. g6 1-0

[Event "Elit(Team Viking-Manhem)"]
[Site "?"]
[Date "2012.10.06"]
[Round "2"]
[White "Carlsson, Pontus"]
[Black "Hultin, Johan"]
[Result "1-0"]
[WhiteElo "2626"]
[BlackElo "2351"]
[PlyCount "41"]

1. e4 e6 2. d4 d5 3. Nd2 dxe4 4. Nxe4 Nd7 5. Nf3 Ngf6 6. Nxf6+ Nxf6 7. c3 c5 8.
Ne5 a6 9. Be3 Qc7 10. Qa4+ Nd7 11. Bb5 cxd4 12. Bxd7+ Bxd7 13. Qxd4 f6 14.
Qxd7+ Qxd7 15. Nxd7 Kxd7 16. O-O-O+ Kc6 17. Rd4 Bd6 18. Rhd1 Rhd8 19. Rc4+ Kb5
20. a4+ Ka5 21. Kc2 1-0

[Event "Elit(Team Viking-Manhem)"]
[Site "?"]
[Date "2012.10.06"]
[Round "2"]
[White "Kinnmark, Ove"]
[Black "Lindberg, Bo"]
[Result "0-1"]
[WhiteElo "2272"]
[BlackElo "2464"]
[PlyCount "104"]

1. e4 e5 2. Nf3 Nc6 3. Bb5 a6 4. Ba4 Nf6 5. O-O Be7 6. Re1 b5 7. Bb3 d6 8. c3
O-O 9. d4 Bg4 10. d5 Na5 11. Bc2 Qc8 12. Nbd2 c6 13. dxc6 Qxc6 14. h3 Be6 15.
Nf1 Nc4 16. b3 Nb6 17. Bd2 Rfe8 18. Ng3 g6 19. Bd3 Qc7 20. Rc1 d5 21. Ng5 Bc5
22. Qf3 Nbd7 23. Nxe6 fxe6 24. Be3 Rf8 25. Qe2 Rad8 26. Bxc5 Qxc5 27. Bb1 Rc8
28. Qd2 Qb6 29. Re2 d4 30. Kh2 Qa5 31. c4 Qxd2 32. Rxd2 bxc4 33. bxc4 Nc5 34.
f3 Rb8 35. Nh1 Nfd7 36. Nf2 Rb6 37. Bd3 Rfb8 38. Bf1 a5 39. Rcc2 a4 40. Be2 a3
41. Nd1 g5 42. g3 R8b7 43. Bf1 Na4 44. c5 Ndxc5 45. Kg2 Rb2 46. Rf2 d3 47. Rcd2
Rxd2 48. Rxd2 Rb2 49. Rf2 d2 50. Bc4 Rc2 51. Ne3 Rxc4 52. Rxd2 Rb4 0-1

[Event "Elit(Team Viking-Manhem)"]
[Site "?"]
[Date "2012.10.06"]
[Round "2"]
[White "Cramling, Dan"]
[Black "Berggren Torell, Harald"]
[Result "1/2-1/2"]
[WhiteElo "2384"]
[BlackElo "2204"]
[PlyCount "89"]

1. d4 d6 2. c4 f5 3. Nf3 Nf6 4. g3 g6 5. Bg2 Bg7 6. O-O O-O 7. Nc3 Qe8 8. d5 a5
9. Nd4 Na6 10. e4 fxe4 11. Nxe4 Nxe4 12. Bxe4 Bh3 13. Re1 Nc5 14. f4 g5 15. Bg2
Bxg2 16. Kxg2 gxf4 17. Bxf4 Qg6 18. Ne6 Nxe6 19. Rxe6 Rf6 20. Rxf6 Qe4+ 21. Qf3
Qc2+ 22. Qf2 Qe4+ 23. Qf3 Qc2+ 24. Qf2 Qxf2+ 25. Kxf2 Bxf6 26. Ke2 a4 27. Rb1
b5 28. Kd3 Ra5 29. Be3 Kf7 30. c5 Ra8 31. Rf1 dxc5 32. Bxc5 Rd8 33. Ke4 e6 34.
dxe6+ Kxe6 35. b3 Rd2 36. Rf2 Rxf2 37. Bxf2 axb3 38. axb3 Be7 39. g4 c5 40. h4
c4 41. bxc4 bxc4 42. Kd4 h5 43. gxh5 Kf5 44. Kxc4 Bf8 45. Kd5 1/2-1/2

[Event "Elit(Team Viking-Manhem)"]
[Site "?"]
[Date "2012.10.06"]
[Round "2"]
[White "Akesson, Joel"]
[Black "Bergstrom, Peter"]
[Result "1/2-1/2"]
[WhiteElo "2338"]
[BlackElo "2365"]
[PlyCount "63"]

1. d4 d5 2. Nf3 Nf6 3. c4 c6 4. e3 Bg4 5. h3 Bxf3 6. Qxf3 e6 7. Bd3 Nbd7 8. O-O
Bd6 9. Nd2 O-O 10. e4 dxe4 11. Nxe4 Nxe4 12. Qxe4 g6 13. Rd1 Re8 14. Bf1 Qa5
15. Bd2 Bb4 16. Be3 Bf8 17. Qc2 Rac8 18. a3 Qc7 19. Rac1 Bd6 20. Qb3 Bh2+ 21.
Kh1 Bf4 22. g3 Bxe3 23. Qxe3 Qa5 24. Bg2 Rcd8 25. b4 Qb6 26. Qc3 Rc8 27. a4 a6
28. Rb1 Qc7 29. Qb3 Nf6 30. Qc3 Nd7 31. Qb3 Nf6 32. Qc3 1/2-1/2

[Event "Elit(Team Viking-Manhem)"]
[Site "?"]
[Date "2012.10.06"]
[Round "2"]
[White "Sagit, Rauan"]
[Black "Fendrich, David"]
[Result "1-0"]
[WhiteElo "2407"]
[BlackElo "2255"]
[PlyCount "149"]
[EventDate "2012.??.??"]

1. e4 c5 2. Nf3 e6 3. d4 cxd4 4. Nxd4 a6 5. Bd3 Qb6 6. Nb3 Qc7 7. O-O d6 8. Be3
Nd7 9. N1d2 Ngf6 10. c4 Be7 11. f3 b6 12. Rc1 Bb7 13. Nd4 Rc8 14. Re1 Qb8 15.
Bb1 O-O 16. Nf1 Rfd8 17. Bf2 Bf8 18. Qd2 Qa8 19. b3 g6 20. Rcd1 Ne5 21. Ng3 Bg7
22. Be3 Rd7 23. Bh6 Bh8 24. Qg5 Rc5 25. Qd2 Rc8 26. Bg5 Nc6 27. Nxc6 Bxc6 28.
Kh1 b5 29. cxb5 Bxb5 30. Rc1 Ne8 31. a4 Bc6 32. Bd3 Rdc7 33. Qe2 Bb7 34. Rxc7
Rxc7 35. Bc4 a5 36. Rd1 Rc8 37. Bf4 Rd8 38. Bg5 Rc8 39. Qe1 Bg7 40. Bf4 Rd8 41.
Bg5 Rc8 42. Nf1 d5 43. exd5 exd5 44. Bb5 Nd6 45. Be2 Nf5 46. Bd3 Nd4 47. Rb1
Nc2 48. Bxc2 Rxc2 49. Ne3 Bc3 50. Nxc2 Bxe1 51. Rxe1 Kg7 52. Bc1 Qc8 53. Bb2+
f6 54. Nd4 Kf7 55. Rc1 Qb8 56. Nb5 Ke6 57. Re1+ Kf7 58. Ba3 Qd8 59. Nd6+ Kg7
60. Nxb7 Qb6 61. Nc5 d4 62. h3 h5 63. Re7+ Kh6 64. h4 Qd6 65. Rd7 Qg3 66. Bc1+
g5 67. hxg5+ fxg5 68. Bd2 h4 69. Ne4 Qe5 70. Bxg5+ Kg6 71. Bf6 Qe6 72. Rg7+ Kh6
73. Rg4 d3 74. Bg7+ Kh5 75. Rg5# 1-0

[Event "Elit(Manhem-Rockaden,Sthlm)"]
[Site "?"]
[Date "2012.10.07"]
[Round "3"]
[White "Nielsen, Peter Heine"]
[Black "Nithander, Victor"]
[Result "1/2-1/2"]
[WhiteElo "2712"]
[BlackElo "2520"]
[PlyCount "54"]

1. Nf3 Nf6 2. c4 g6 3. Nc3 Bg7 4. g3 c6 5. e4 d6 6. h3 e5 7. Bg2 O-O 8. O-O
Nbd7 9. Re1 a6 10. d4 Re8 11. Be3 b5 12. c5 exd4 13. Nxd4 Bb7 14. cxd6 c5 15.
Nb3 Nxe4 16. Nxe4 Bxe4 17. Bxe4 Rxe4 18. Nxc5 Rxe3 19. Rxe3 Nxc5 20. Qd5 Ne6
21. d7 Ra7 22. Rd1 Bf6 23. Rxe6 fxe6 24. Qxe6+ Kg7 25. Rd6 Bxb2 26. Qe2 Ba1 27.
Qe1 Rxd7 1/2-1/2

[Event "Elit(Manhem-Rockaden,Sthlm)"]
[Site "?"]
[Date "2012.10.07"]
[Round "3"]
[White "Barkhagen, Jonas"]
[Black "Welin, Mats"]
[Result "1-0"]
[WhiteElo "2506"]
[BlackElo "2351"]
[PlyCount "72"]

1. d4 Nf6 2. c4 e6 3. Nc3 Bb4 4. Qc2 O-O 5. a3 Bxc3+ 6. Qxc3 d6 7. g3 Qe7 8.
Nf3 b6 9. Bg2 Bb7 10. O-O Nbd7 11. b3 Be4 12. Bb2 Rfc8 13. Bh3 c5 14. Qe3 Re8
15. Rfd1 Rac8 16. Rac1 Rc7 17. Rd2 h6 18. Rcd1 d5 19. cxd5 Bxd5 20. dxc5 Qxc5
21. Nd4 Rec8 22. Rc2 Qf8 23. Rxc7 Rxc7 24. Rc1 Qc8 25. f3 Rxc1+ 26. Bxc1 Qc5
27. b4 Qc4 28. Bb2 a5 29. bxa5 bxa5 30. Qc1 e5 31. Nf5 Kh7 32. e4 Qxc1+ 33.
Bxc1 Be6 34. Bf1 Nb6 35. Nd6 Nfd7 36. Bd2 h5 1-0

[Event "Elit(Manhem-Rockaden,Sthlm)"]
[Site "?"]
[Date "2012.10.07"]
[Round "3"]
[White "Akesson, Joel"]
[Black "Wiedenkeller, Michael"]
[Result "1/2-1/2"]
[WhiteElo "2338"]
[BlackElo "2533"]
[PlyCount "76"]

1. Nf3 Nf6 2. c4 e6 3. Nc3 d5 4. d4 Bb4 5. cxd5 exd5 6. Bg5 Nbd7 7. Qc2 O-O 8.
e3 c5 9. Bd3 Qa5 10. O-O c4 11. Bf5 Re8 12. Nd2 g6 13. Bh3 Bxc3 14. Qxc3 Qxc3
15. bxc3 Kg7 16. Rfb1 b6 17. a4 h6 18. Bxf6+ Nxf6 19. Bxc8 Raxc8 20. Rb5 Re6
21. Rab1 Rcc6 22. Kf1 a6 23. R5b4 g5 24. h3 Ne8 25. e4 Nc7 26. e5 b5 27. a5 f6
28. Nf3 Re8 29. Re1 f5 30. Re3 Ne6 31. Ne1 Rcc8 32. Nc2 Nd8 33. Rb2 Nc6 34. Nb4
Nxb4 35. Rxb4 Kf7 36. f3 f4 37. Re1 h5 38. Kf2 h4 1/2-1/2

[Event "Elit(Manhem-Rockaden,Sthlm)"]
[Site "?"]
[Date "2012.10.07"]
[Round "3"]
[White "Bator, Robert"]
[Black "Moberg, Karl Johan"]
[Result "1/2-1/2"]
[WhiteElo "2476"]
[BlackElo "2347"]
[PlyCount "74"]

1. d4 Nf6 2. Nf3 g6 3. g3 d5 4. c4 Bg7 5. cxd5 Nxd5 6. Bg2 Nb6 7. Nc3 Nc6 8. e3
e5 9. d5 Ne7 10. e4 Bg4 11. h3 Bxf3 12. Qxf3 c6 13. O-O O-O 14. Rd1 cxd5 15.
exd5 Nf5 16. d6 Rb8 17. Qd3 Qd7 18. Be3 Nxe3 19. Qxe3 Nc4 20. Qe2 Nxd6 21. Qd3
Rfd8 22. Ne4 Qe7 23. Nxd6 Bf8 24. Nf5 Qf6 25. Qc3 gxf5 26. Rxd8 Rxd8 27. Bxb7
e4 28. Rf1 Rd7 29. Qb3 Bc5 30. Rd1 Rxd1+ 31. Qxd1 Bxf2+ 32. Kxf2 Qxb2+ 33. Kf1
Qb5+ 34. Kg1 Qb6+ 35. Kf1 Qb5+ 36. Kg1 Qb6+ 37. Kf1 Qb5+ 1/2-1/2

[Event "Elit(Manhem-Rockaden,Sthlm)"]
[Site "?"]
[Date "2012.10.07"]
[Round "3"]
[White "Fendrich, David"]
[Black "Hedman, Erik"]
[Result "1-0"]
[WhiteElo "2255"]
[BlackElo "2417"]
[PlyCount "91"]

1. c4 c5 2. g3 Nc6 3. Bg2 g6 4. Nc3 Bg7 5. a3 b6 6. b4 Bb7 7. b5 Bxc3 8. dxc3
Na5 9. Bxb7 Nxb7 10. e4 Na5 11. Qd3 d6 12. Bg5 h6 13. Bf4 Qd7 14. Nf3 g5 15.
Be3 O-O-O 16. h4 Qg4 17. Nd2 Nf6 18. Qe2 Qe6 19. f3 g4 20. Bf4 gxf3 21. Qd3
Nxc4 22. Qxc4 Qxc4 23. Nxc4 Nxe4 24. Nd2 Nxc3 25. Nxf3 Nxb5 26. Bd2 Rdg8 27. a4
Nc7 28. Kf2 f6 29. h5 Ne6 30. Nh4 Rh7 31. Rae1 Ng5 32. Re2 Kd7 33. Rhe1 e5 34.
Nf5 d5 35. g4 d4 36. Bxg5 Rxg5 37. Kf3 Ke6 38. Rg1 Rxf5+ 39. gxf5+ Kxf5 40. Rg6
c4 41. Rf2 e4+ 42. Ke2+ Ke5 43. Rgxf6 e3 44. R2f5+ Ke4 45. Rf4+ Ke5 46. Kf3 1-0

[Event "Elit(Manhem-Rockaden,Sthlm)"]
[Site "?"]
[Date "2012.10.07"]
[Round "3"]
[White "Berggren Torell, Harald"]
[Black "Engqvist, Thomas"]
[Result "0-1"]
[WhiteElo "2204"]
[BlackElo "2419"]
[PlyCount "66"]

1. e4 c6 2. d4 d5 3. Nd2 dxe4 4. Nxe4 Bf5 5. Ng3 Bg6 6. N1e2 Nf6 7. Nf4 e5 8.
dxe5 Qa5+ 9. c3 Qxe5+ 10. Qe2 Nbd7 11. Qxe5+ Nxe5 12. Be2 Bc2 13. O-O Bc5 14.
Ngh5 Nxh5 15. Bxh5 O-O 16. Re1 Nc4 17. b3 Rfe8 18. Be2 Nd6 19. Kf1 Ne4 20. Bd3
Bxd3+ 21. Nxd3 Bb6 22. Bb2 Nd2+ 23. Kg1 Red8 24. Nf4 Rd7 25. Re2 f5 26. h4 Ne4
27. Nh3 Rad8 28. Rae1 Rd2 29. Kf1 Bxf2 30. Rxf2 Nxf2 31. Bc1 Nxh3 32. Bxd2 Rxd2
33. gxh3 Kf7 0-1

[Event "Elit(Orgryte-Team Viking)"]
[Site "?"]
[Date "2012.10.07"]
[Round "3"]
[White "Berg, Emanuel"]
[Black "Ziegler, Ari"]
[Result "1/2-1/2"]
[WhiteElo "2600"]
[BlackElo "2428"]
[PlyCount "130"]

1. e4 e5 2. Nf3 Nc6 3. d4 exd4 4. Nxd4 Nf6 5. Nc3 Bb4 6. Nxc6 bxc6 7. Bd3 d5 8.
exd5 cxd5 9. O-O O-O 10. Bg5 c6 11. Qf3 Bd6 12. h3 Rb8 13. Rab1 Re8 14. Rfe1
Rxe1+ 15. Rxe1 Be6 16. Nd1 h6 17. Bxf6 Qxf6 18. Qxf6 gxf6 19. b3 a5 20. Ne3 a4
21. Nf5 Bxf5 22. Bxf5 a3 23. Bd7 c5 24. Bc6 d4 25. Kf1 c4 26. Bd5 cxb3 27. Bxb3
f5 28. Rd1 Be5 29. Rd3 Kg7 30. Rf3 f4 31. g3 fxg3 32. Rxf7+ Kg6 33. Re7 Bf6 34.
Rd7 gxf2 35. Kxf2 Rc8 36. Kg2 Rc3 37. Ra7 Be5 38. Rxa3 Kg5 39. Ra5 Kf4 40. Ra8
Rg3+ 41. Kf2 Rxh3 42. Rf8+ Ke4 43. Be6 Rh2+ 44. Kg1 Rd2 45. Bg4 Bf4 46. a4 Be3+
47. Kh1 Ke5 48. Rf5+ Kd6 49. Rf6+ Kc7 50. Bf5 Rd1+ 51. Kg2 Ra1 52. Ra6 Kb7 53.
Ra5 Bd2 54. Be4+ Kb6 55. Ra8 Ba5 56. Bd3 Rxa4 57. Ra6+ Kc7 58. Rxh6 Bd2 59. Re6
Ra5 60. Kf3 Kd7 61. Re2 Be3 62. c3 Ra3 63. cxd4 Rxd3 64. Ke4 Rxd4+ 65. Kxe3 Ra4
1/2-1/2

[Event "Elit(Orgryte-Team Viking)"]
[Site "?"]
[Date "2012.10.07"]
[Round "3"]
[White "Volodin, Aleksandr"]
[Black "Gajic, Mladen"]
[Result "1-0"]
[WhiteElo "2548"]
[BlackElo "2315"]
[PlyCount "55"]

1. d4 d5 2. c4 c6 3. Nf3 Nf6 4. e3 Bf5 5. Nc3 e6 6. Be2 Nbd7 7. Nh4 Bg6 8. g3
dxc4 9. Nxg6 hxg6 10. Bxc4 b5 11. Bd3 Rc8 12. a3 e5 13. O-O Be7 14. Re1 O-O 15.
b4 exd4 16. exd4 Nb6 17. Bb2 Re8 18. Qb3 Nbd5 19. Rac1 Rc7 20. Re5 Bd6 21. Nxd5
cxd5 22. Rxc7 Bxc7 23. Bxb5 Rxe5 24. dxe5 Ng4 25. Bc6 d4 26. e6 d3 27. exf7+
Kf8 28. Qe6 1-0

[Event "Elit(Orgryte-Team Viking)"]
[Site "?"]
[Date "2012.10.07"]
[Round "3"]
[White "Frisk Kockum, Anton"]
[Black "Carlsson, Pontus"]
[Result "0-1"]
[WhiteElo "2415"]
[BlackElo "2626"]
[PlyCount "68"]

1. d4 Nf6 2. Nf3 e6 3. c4 b6 4. g3 Ba6 5. Qc2 Bb4+ 6. Bd2 Be7 7. Bg2 O-O 8. O-O
c6 9. Ne5 d5 10. Rd1 Nfd7 11. Nxd7 Qxd7 12. cxd5 cxd5 13. e4 Nc6 14. Bc3 Rac8
15. e5 f6 16. exf6 Rxf6 17. Rd2 Na5 18. Qd1 Nc4 19. Rc2 Rcf8 20. b3 Nd6 21. Be1
Nf5 22. Nc3 Bd6 23. Qd2 Qf7 24. Nd1 Rg6 25. f4 h5 26. Nf2 h4 27. g4 h3 28. Bxh3
Nh4 29. Bg2 Bxf4 30. Qc3 Rh6 31. Nh3 Be3+ 32. Bf2 Nxg2 33. Bxe3 Rxh3 34. Rf2
Rf3 0-1

[Event "Elit(Orgryte-Team Viking)"]
[Site "?"]
[Date "2012.10.07"]
[Round "3"]
[White "Lindberg, Bo"]
[Black "Fransson, Percy"]
[Result "1-0"]
[WhiteElo "2464"]
[BlackElo "2218"]
[PlyCount "47"]

1. d4 Nf6 2. Bg5 e6 3. e4 h6 4. Bxf6 Qxf6 5. c3 d6 6. Bd3 g6 7. Ne2 Bg7 8. O-O
Qe7 9. f4 e5 10. Nd2 exd4 11. cxd4 O-O 12. f5 g5 13. e5 dxe5 14. f6 Bxf6 15.
Ng3 e4 16. Ndxe4 Bxd4+ 17. Kh1 Nc6 18. Qh5 Bg7 19. Nf6+ Kh8 20. Nh7 Ne5 21.
Rae1 Qd6 22. Rxe5 Qxe5 23. Nxf8 Bxf8 24. Qxf7 1-0

[Event "Elit(Orgryte-Team Viking)"]
[Site "?"]
[Date "2012.10.07"]
[Round "3"]
[White "Kumar, Rahul"]
[Black "Sagit, Rauan"]
[Result "0-1"]
[WhiteElo "2407"]
[BlackElo "2259"]
[PlyCount "86"]
[EventDate "2012.??.??"]

1. g3 Nf6 2. Bg2 e5 3. d3 Nc6 4. Nf3 Be7 5. c3 O-O 6. O-O d5 7. Qc2 h6 8. e4
dxe4 9. dxe4 Bg4 10. Nbd2 Re8 11. b4 a6 12. Nc4 Bf8 13. Ne3 Be6 14. a3 Qc8 15.
Rd1 Ng4 16. Nd5 Ne7 17. c4 Nxd5 18. cxd5 Bd7 19. Bb2 a5 20. h3 Nf6 21. Kh2 Bd6
22. Bc3 axb4 23. Bxb4 Ba4 24. Qe2 Bxd1 25. Rxd1 Bxb4 26. axb4 Qd7 27. Qb2 Nxe4
28. Nxe5 Qf5 29. f4 Nd6 30. Bf1 Qf6 31. Bd3 h5 32. Rf1 g6 33. Qc2 Ra3 34. Rf2
h4 35. g4 Rxe5 36. Qb2 Rxd3 37. fxe5 Qe7 38. e6 Rxd5 39. exf7+ Nxf7 40. Rf6
Rd2+ 41. Qxd2 Qxf6 42. Qa2 Qe5+ 43. Kh1 Qe1+ 0-1

[Event "Elit(Orgryte-Team Viking)"]
[Site "?"]
[Date "2012.10.07"]
[Round "3"]
[White "Bergstrom, Peter"]
[Black "Fransson, Patrick"]
[Result "0-1"]
[WhiteElo "2365"]
[BlackElo "2211"]
[PlyCount "128"]

1. e4 e6 2. d4 d5 3. Nc3 Bb4 4. Nge2 Nf6 5. a3 Bxc3+ 6. Nxc3 Nxe4 7. Qg4 O-O 8.
Nxe4 f5 9. Qg3 fxe4 10. Bf4 Rf7 11. O-O-O Nc6 12. Rd2 a6 13. c3 b5 14. f3 Na5
15. Kb1 exf3 16. gxf3 Qf6 17. Bxc7 Nc4 18. Bxc4 bxc4 19. Rf1 Bd7 20. Be5 Qf5+
21. Ka1 Be8 22. Rg2 Raa7 23. f4 Rfb7 24. Rfg1 Bg6 25. h4 Rb3 26. h5 Qxh5 27.
Rh2 Qf5 28. Qh4 Rab7 29. Qd8+ Qf8 30. Qxf8+ Kxf8 31. Rhg2 R3b6 32. Rh2 Rf7 33.
Re1 Rf5 34. Rg1 Rb7 35. Rh4 Rh5 36. Rxh5 Bxh5 37. Rh1 Bg6 38. Rg1 a5 39. a4 Bc2
40. Rg2 Bxa4 41. Kb1 Be8 42. Kc1 Bg6 43. Rh2 a4 44. Bd6+ Kg8 45. Ba3 Rf7 46.
Rh4 Be4 47. Bd6 Rf6 48. Rh2 Rg6 49. Kd2 Rg3 50. Ke2 Rd3 51. Ba3 Bf5 52. Ke1 Bg4
53. Bd6 h5 54. Kf1 Kf7 55. Ke1 Kg6 56. Be5 Kf5 57. Bxg7 Ke4 58. Kf2 a3 59. bxa3
Rxc3 60. Rh1 Rxa3 61. Re1+ Kxf4 62. Bh6+ Kf5 63. Bf8 Rf3+ 64. Kg2 Rd3 0-1

[Event "Elit(Limhamn-Burgsvik)"]
[Site "?"]
[Date "2012.10.07"]
[Round "3"]
[White "Fries Nielsen, Jens Ove"]
[Black "Hector, Jonny"]
[Result "1-0"]
[WhiteElo "2419"]
[BlackElo "2608"]
[PlyCount "117"]
[EventDate "2012.??.??"]

1. d4 d5 2. Nc3 Nf6 3. Bf4 c6 4. Qd3 Qa5 5. a3 e6 6. Bd2 Nbd7 7. Nf3 Be7 8. g4
Qa6 9. Qxa6 bxa6 10. g5 Nh5 11. e4 dxe4 12. Nxe4 c5 13. Be2 Bb7 14. Nxc5 Nxc5
15. dxc5 Bxc5 16. Rg1 Bd6 17. Rg4 O-O 18. Rd4 Bc5 19. Rh4 g6 20. Ne5 Bd6 21.
Nc4 Bc7 22. Bxh5 gxh5 23. Rxh5 Be4 24. Ne3 Be5 25. Rh4 Bg6 26. O-O-O Rab8 27.
Bb4 Rfc8 28. c3 Rb5 29. Rc4 Rcb8 30. f4 Bg7 31. Rc5 R5b7 32. Ra5 h6 33. h4 hxg5
34. hxg5 Rb6 35. Rd7 Be4 36. Rxa7 Rd8 37. R7xa6 Rxa6 38. Rxa6 Rd3 39. Ng4 Rg3
40. Nf6+ Bxf6 41. gxf6 Rg2 42. b3 Rc2+ 43. Kd1 Ra2 44. Rd6 Bc2+ 45. Kc1 Bxb3
46. Rd2 Kh7 47. Rxa2 Bxa2 48. Kd2 Kg6 49. Ke3 Kxf6 50. Kd4 Bb3 51. Bd6 e5+ 52.
Bxe5+ Ke6 53. Kc5 Kd7 54. Kb5 f5 55. a4 Bd5 56. Kb6 Bf3 57. a5 Bg2 58. a6 Bf1
59. Kb7 1-0

[Event "Elit(Limhamn-Burgsvik)"]
[Site "?"]
[Date "2012.10.07"]
[Round "3"]
[White "Ahlander, Bjorn"]
[Black "Andersson, Bjorn"]
[Result "1-0"]
[WhiteElo "2498"]
[BlackElo "2315"]
[PlyCount "63"]
[EventDate "2012.??.??"]

1. d4 c5 2. e3 Nf6 3. Nf3 b6 4. c4 g6 5. Nc3 Bg7 6. d5 d6 7. Bd3 O-O 8. O-O Na6
9. h3 Nc7 10. e4 a6 11. Re1 Bd7 12. a4 b5 13. e5 Nfe8 14. Bf4 Rb8 15. axb5 axb5
16. b3 Rb6 17. Ra2 bxc4 18. bxc4 Na6 19. Rae2 Nb4 20. Bb1 Ra6 21. Qd2 Ra3 22.
Bg5 dxe5 23. Nxe5 Bxe5 24. Rxe5 f6 25. Rxe7 Nd6 26. Qf4 Bf5 27. Qh4 Rf7 28.
Bxf6 Qf8 29. Rxf7 Qxf7 30. Re7 Ra1 31. Rxf7 Nxf7 32. Kh2 1-0

[Event "Elit(Limhamn-Burgsvik)"]
[Site "?"]
[Date "2012.10.07"]
[Round "3"]
[White "Krupenski, Juri"]
[Black "Brynell, Stellan"]
[Result "1/2-1/2"]
[WhiteElo "2419"]
[BlackElo "2572"]
[PlyCount "85"]
[EventDate "2012.??.??"]

1. d4 e6 2. Nf3 Nf6 3. c4 b6 4. e3 Bb7 5. Bd3 d5 6. cxd5 exd5 7. Nc3 Bd6 8. O-O
O-O 9. b3 Nbd7 10. Bb2 Ne4 11. Qc2 Nxc3 12. Bxc3 g6 13. b4 a6 14. a4 Qe7 15. b5
axb5 16. axb5 Rfe8 17. Rfc1 f6 18. Rxa8 Rxa8 19. Ra1 Rxa1+ 20. Bxa1 Kg7 21. Qb3
Nf8 22. Bc3 Ne6 23. g3 Ng5 24. Nxg5 fxg5 25. Bf1 Qf7 26. Bg2 g4 27. Qa4 Qf5 28.
Qb3 Qd3 29. Bf1 Qf5 30. Qa2 Bc8 31. Qb3 Be6 32. Bg2 Kg8 33. Qa2 Qd3 34. Qb3 Qf5
35. Qa2 Qd3 36. Qb3 Kf7 37. Bxd5 Bxd5 38. Qxd5+ Kf8 39. Qc6 h5 40. Be1 Qe2 41.
Bc3 Qd3 42. Be1 Qe2 43. Bc3 1/2-1/2

[Event "Elit(Limhamn-Burgsvik)"]
[Site "?"]
[Date "2012.10.07"]
[Round "3"]
[White "Schneider, Stefan"]
[Black "Fries Nielsen, Niels J"]
[Result "0-1"]
[WhiteElo "2409"]
[BlackElo "2398"]
[PlyCount "68"]
[EventDate "2012.??.??"]

1. d4 c5 2. d5 d6 3. Nc3 g6 4. e4 Bg7 5. Bb5+ Nd7 6. a4 a6 7. Be2 Rb8 8. Nf3
Ngf6 9. O-O O-O 10. Re1 b6 11. Bf4 b5 12. axb5 axb5 13. Nxb5 Nxe4 14. Bd3 f5
15. Na7 Bb7 16. Nc6 Bxc6 17. dxc6 Ndf6 18. Ra7 Ra8 19. Rb7 Re8 20. Bc4+ e6 21.
Ng5 Qc8 22. Nxe6 Rxe6 23. Rd7 d5 24. Bxd5 Nxd5 25. Qxd5 Qxc6 26. f3 Qxd5 27.
Rxd5 Nc3 28. Rxe6 Nxd5 29. Be5 Kf7 30. Rd6 Bxe5 31. Rxd5 Bd4+ 32. Kf1 Ke6 33.
c4 Ra1+ 34. Ke2 Ra2 0-1